Annual report of the economy summary summary (fiscal 1978)
Đã lưu trong:
| Formáid: | Leabhar |
|---|---|
| Teanga: | Undetermined |
| Foilsithe: |
[Tokyo]
Foreign Press Center, Japan
1978
|
| Ábhair: | |
| Clibeanna: |
Cuir Clib Leis
Gan Chlibeanna, Bí ar an gcéad duine leis an taifead seo a chlibeáil!
|
| Thư viện lưu trữ: | Trung tâm Học liệu Trường Đại học Cần Thơ |
|---|
| LEADER | 00542nam a2200181Ia 4500 | ||
|---|---|---|---|
| 001 | CTU_105269 | ||
| 008 | 210402s9999 xx 000 0 und d | ||
| 082 | |a 330.952 | ||
| 082 | |b A613 | ||
| 245 | 0 | |a Annual report of the economy summary summary (fiscal 1978) | |
| 245 | 0 | |c Economic Planning Agency Government of Japan | |
| 260 | |a [Tokyo] | ||
| 260 | |b Foreign Press Center, Japan | ||
| 260 | |c 1978 | ||
| 650 | |a Japan | ||
| 650 | |x Economic conditions,Report | ||
| 904 | |i Năm | ||
| 980 | |a Trung tâm Học liệu Trường Đại học Cần Thơ | ||